Managing human resources: (Record no. 358850)
[ view plain ]
| 000 -LEADER | |
|---|---|
| fixed length control field | 00537nam a2200133Ia 4500 |
| 008 - FIXED-LENGTH DATA ELEMENTS--GENERAL INFORMATION | |
| fixed length control field | 180925s9999 xx 000 0 und d |
| 020 ## - INTERNATIONAL STANDARD BOOK NUMBER | |
| International Standard Book Number | 9789719803973 |
| 100 ## - MAIN ENTRY--PERSONAL NAME | |
| Personal name | Diamante, Melva M. |
| 245 ## - TITLE STATEMENT | |
| Statement of responsibility, etc | Melva M. Diamante, Genevieve Ledesma-Tan.-- |
| Title | Managing human resources: |
| Remainder of title | local and global perspectives (outcomes-based learning) / |
| 260 ## - PUBLICATION, DISTRIBUTION, ETC. (IMPRINT) | |
| Place of publication, distribution, etc | Philippines : |
| Name of publisher, distributor, etc | C & E Publishing, Inc. |
| Date of publication, distribution, etc | 2015 |
| 300 ## - PHYSICAL DESCRIPTION | |
| Extent | xxii, 440 pages : |
| Other physical details | illustrations ; |
| Dimensions | 26 cm. |
| 650 ## - SUBJECT ADDED ENTRY--TOPICAL TERM | |
| Topical term or geographic name as entry element | Competency-based education. |
| 650 ## - SUBJECT ADDED ENTRY--TOPICAL TERM | |
| Topical term or geographic name as entry element | Personnel management -- Philippines. |
| Withdrawn status | Lost status | Source of classification or shelving scheme | Damaged status | Home library | Current library | Shelving location | Date acquired | Source of acquisition | Total Checkouts | Full call number | Barcode | Date last seen | Date checked out | Price effective from | Koha item type |
|---|---|---|---|---|---|---|---|---|---|---|---|---|---|---|---|
| Library of Congress Classification | South SEED-LPDH College Library | South SEED-LPDH College Library | South SEED-LPDH College Section | 09/25/2018 | Library Fund | 1 | HF 5549.2 .D53 2015 | SSLC1792 | 10/08/2019 | 09/02/2019 | 09/25/2018 | Books |